000 00523nam a2200157 i 4500
001 62708
003 ES-MaACL
005 20230906164721.0
007 t|
008 031125s1970 it ||||1| spa d
100 1 _aFernández-Barreiro, Alejandrino.
_949503
245 1 4 _aLos estudios de Derecho Romano en Francia después del Código de Napoleón /
_cAlejandrino Fernández-Barreiro.
260 _aRoma :
_bInstituto Jurídico Español,
_c1970.
300 _aXII, 134 p. ;
_c25 cm.
852 _aES-MaACL
_jC-37624
_bR.78224
999 _c62708
_d62708